| 000 | 01389nam0a2200361 4500 | ||
|---|---|---|---|
| 001 | RU\NLR\bibl\931406 | ||
| 005 | 20260406081951.0 | ||
| 010 |
_a5-352-00544-5 _95000 |
||
| 021 |
_aRU _b2006-11513 _9561 |
||
| 035 | _a(NLR Aleph) 000919623 | ||
| 090 |
_a91464 _c91464 |
||
| 100 | _a20060413d2005 |||y0rusy50 ca | ||
| 101 | 1 |
_arus _ceng |
|
| 102 | _aRU | ||
| 105 | _aa ||||||||| | ||
| 200 | 1 |
_aПолночь над Санктафраксом _fПол Стюарт, Крис Риддел _g[пер. с англ. Екатерины Трощенковой _gил. Криса Риддела, Сергея Гончарова] |
|
| 210 |
_aСанкт-Петербург _cАзбука-классика _d2005 |
||
| 215 |
_a461, [2] с. _cил. _d21 |
||
| 225 | 1 | _aВоздушные пираты | |
| 225 | 1 | _aИз личной библиотеки | |
| 320 | _aДр. произведения авт. на 3-й с. | ||
| 686 | _aШ9(4Вл)62-4С. | ||
| 686 | _aШ9(4Вл)62-4Р. | ||
| 700 | 1 |
_4070 _7ca _8rus _aСтюарт _bП. _f1955- _gПол _929690 _3RU\NLR\auth\7746755 |
|
| 701 | 1 |
_4070 _7ca _8rus _aРиддел _bК. _f1962- _gКрис _929689 _3RU\NLR\auth\7746754 |
|
| 801 | 0 |
_aRU _bNLR _c20060413 _grcr |
|
| 801 | 1 |
_aRU _bNLR _c20060413 |
|
| 942 | _cBOOK | ||
| 980 | _aNB | ||